000 00451nam a2200181Ia 4500
001 19015
005 20260306171713.0
008 260306s9999||||xx |||||||||||||| ||und||
041 _aESP
082 _a658.785
_bG23
100 _aGarcía Cantú, Alfonso
_eAUT
245 0 _aAlmacenes:
_bplaneación, organización y control
260 _c2013
300 _a205 páginas :
_c23 cm.
650 _aGEN
654 _aCAN
942 _cLIB
_dJUS
_fJUS
_2ddc
_n
999 _c19015
_d19015